Project planning and management : (Record no. 23433)
[ view plain ]
| 000 -LEADER | |
|---|---|
| fixed length control field | 02335cam a22003135a 4500 |
| 001 - CONTROL NUMBER | |
| control field | 18621714 |
| 005 - DATE AND TIME OF LATEST TRANSACTION | |
| control field | 20180128104616.0 |
| 008 - FIXED-LENGTH DATA ELEMENTS--GENERAL INFORMATION | |
| fixed length control field | 150518t2016 maua frb 001 0 eng d |
| 020 ## - INTERNATIONAL STANDARD BOOK NUMBER | |
| International Standard Book Number | 9781284089837 |
| 020 ## - INTERNATIONAL STANDARD BOOK NUMBER | |
| International Standard Book Number | 1284089835 |
| 040 ## - CATALOGING SOURCE | |
| Original cataloging agency | DNLM/DLC |
| Transcribing agency | DLC |
| Modifying agency | DLC |
| -- | EG-ScBUE |
| Language of cataloging | eng |
| 082 04 - DEWEY DECIMAL CLASSIFICATION NUMBER | |
| Classification number | 610.73068 |
| Edition number | 22 |
| Item number | PRO |
| 130 0# - MAIN ENTRY--UNIFORM TITLE | |
| Uniform title | Project planning and management (Harris) |
| 245 10 - TITLE STATEMENT | |
| Title | Project planning and management : |
| Remainder of title | a guide for nurses and interprofessional teams / |
| Statement of responsibility, etc | [edited by] James Harris ... [et al.] . |
| 250 ## - EDITION STATEMENT | |
| Edition statement | 2nd ed. |
| 260 ## - PUBLICATION, DISTRIBUTION, ETC. (IMPRINT) | |
| Place of publication, distribution, etc | Burlington : |
| Name of publisher, distributor, etc | Jones & Bartlett Learning, |
| Date of publication, distribution, etc | c.2016. |
| 300 ## - PHYSICAL DESCRIPTION | |
| Extent | xiv, 261 p. : |
| Other physical details | ill. ; |
| Dimensions | 23 cm. |
| 500 ## - GENERAL NOTE | |
| General note | Preceded by: Project planning and management : a guide for CNLs, DNPs, and nurse executives / edited by James L. Harris ... [et al.]. c2011. |
| 504 ## - BIBLIOGRAPHY, ETC. NOTE | |
| Bibliography, etc | Includes bibliographical references and index. |
| 505 0# - FORMATTED CONTENTS NOTE | |
| Formatted contents note | Key foundations of successful project planning and management -- Differentiating quality improvement projects and quality improvement research -- The institutional review board process -- Synergistic interprofessional teams : essential drivers of patient-centered care -- Managing the interprofessional project team -- Making the case for a project : needs assessment -- Using findings from the clinical needs assessment to develop, implement, and manage sustainable projects -- Role of information technology in project planning and management -- Developing metrics which support projects and programs -- Measuring the value within organization and healthcare systems -- Disseminating results of meaningful projects and their management. |
| 520 ## - SUMMARY, ETC. | |
| Summary, etc | "Project Planning and Management: A Guide for Nurses and Interprofessional Teams, Second Edition serves as a primary resource for students developing and implementing clinical projects as a requirement for course completion. Additionally, the text also serves as a guide for faculty and preceptors who assist students in identifying clinical and management gaps as well as in initiating projects"-- |
| 650 #7 - SUBJECT ADDED ENTRY--TOPICAL TERM | |
| Topical term or geographic name as entry element | Nursing services |
| General subdivision | Administration. |
| Source of heading or term | BUEsh |
| 9 (RLIN) | 32499 |
| 650 #7 - SUBJECT ADDED ENTRY--TOPICAL TERM | |
| Topical term or geographic name as entry element | Project management. |
| Source of heading or term | BUEsh |
| 9 (RLIN) | 11664 |
| 651 ## - SUBJECT ADDED ENTRY--GEOGRAPHIC NAME | |
| Source of heading or term | BUEsh |
| 653 ## - INDEX TERM--UNCONTROLLED | |
| Resource For college | Nursing |
| Arrived date list | December2016 |
| 655 ## - INDEX TERM--GENRE/FORM | |
| Form subdivision | Text book |
| -- | 33728 |
| 700 1# - ADDED ENTRY--PERSONAL NAME | |
| Personal name | Harris, James L. |
| Fuller form of name | (James Leonard), |
| Dates associated with a name | 1956- , |
| Relator term | editor. |
| 942 ## - ADDED ENTRY ELEMENTS (KOHA) | |
| Source of classification or shelving scheme | Dewey Decimal Classification |
| Withdrawn status | Item status | Source of classification or shelving scheme | Materials specified (bound volume or other part) | Damaged status | Not for loan | Vendor | Home library | Current library | Shelving location | Date acquired | Source of acquisition | Cost, normal purchase price | Serial Enumeration / chronology | Total Checkouts | Full call number | Barcode | Date last seen | Date last borrowed | Cost, replacement price | Koha item type | Total Renewals |
|---|---|---|---|---|---|---|---|---|---|---|---|---|---|---|---|---|---|---|---|---|---|
| Lost | Dewey Decimal Classification | Lost In Inventory_18-8-2021 | Baccah | Central Library | Central Library | First floor | 04/12/2016 | Purchase | 532.00 | 25145 | 1 | 610.73068 PRO | 000040246 | 07/10/2019 | 01/10/2019 | 665.00 | Book - Borrowing | ||||
| Dewey Decimal Classification | Baccah | Central Library | Central Library | First floor | 04/12/2016 | Purchase | 532.00 | 25145 | 2 | 610.73068 PRO | 000040247 | 15/07/2025 | 20/01/2021 | 665.00 | Book - Borrowing | 4 |